| 000 | 00693nam a2200229Ia 4500 | ||
|---|---|---|---|
| 003 | OSt | ||
| 005 | 20220918201052.0 | ||
| 006 | a|||||r|||| 00| 0 | ||
| 007 | ta | ||
| 008 | 220917b |||||||| |||| 00| 0 eng d | ||
| 024 | _a91,511 | ||
| 037 | _cTextual | ||
| 040 |
_aARTS _cARTS _beng |
||
| 041 |
_2eng _aeng |
||
| 082 | _aV1:10X:C5, J8.2 | ||
| 100 |
_aHeichelheim Fritz M _996681 |
||
| 245 | 0 |
_aAncient economic history _b from the palaeolithic age to the migrations of the Germanic, Slavic and Arabic nations tr by Joyce Stevens |
|
| 260 | _c1958 | ||
| 650 | _aWORLD HISTORY | ||
| 942 |
_hV1:10X:C5, J8.2 _cTEXL _2CC |
||
| 999 |
_c215170 _d215170 |
||